02098nam a22002297a 4500020001800000041000900018082001900027100002900046245010600075260004400181300001000225504002000235505051600255520090400771546001301675650002401688650004001712650002001752650003201772700003701804700002701841 a9781526465078 aeng- a378.223bSPE-N aSpencely, CaroleAuthor. aNavigating research funding with confidence /cCarol Spencely, Acuña- Rivera, Marcela, Pam Denicolo aLondon :bSAGE Publications Ltd,c2020. a184p. aIncludes index. aContents: Chapter 1: The context for research funding Chapter 2: Research Funders: who you could choose and why Chapter 3: Planning and managing your application Chapter 4: Stages in the process of submission Chapter 5: Writing each section of the application Chapter 6: Getting to grips with Finances Chapter 7: Gathering and using feedback Chapter 8: The assessment processes Chapter 9: Further steps in the application process: interviews Chapter 10: First steps in a new grant Chapter 11: Concluding remarks aA timely manual in the current climate of increasingly underfunded departments and institutions, this book offers insight into how to secure, manage and effectively research funding in the changing order of global economy and competing research priorities. It gives you the perspectives of those who seek, and those who award research funding, such as governments, companies and foundations. Examining the full cycle and elements of influence of research funding, this book comes with: • Practical case studies, • Lists of potential funding sources that you can use to enhance your funding generation efforts, and • Explanatory videos Clear and digestible, this text delivers systematic guidance for early career researchers and students in Graduate Schools, Doctoral Colleges, Research Methods Programmes, Academic and Research Staff Development Programmes. aEnglish. aResearch institutes aUniversities and collegesxFinance. aResearch grants aProposal writing for grants aAcuña-Rivera, MarcelaeAuthor. aDenicolo, PameAuthor.